000 00879nam a2200253Ia 4500
003 OSt
005 20220930093848.0
006 a|||||r|||| 00| 0
007 ta
008 220926b |||||||| |||| 00| 0 eng d
024 _a62888
037 _cTheses
040 _aCRL
_cCRL
_beng
041 _2eng
_aeng
100 _aBora Banasmita Au.
_9553537
110 _aUniversity of Delhi. Faculty of Social Sciences. Department of Political Science
_9520504
245 0 _aStudy of insurgency in Assam
_b from personal aspirations and experiences to collective mobilisation
260 _c2018
300 _axvi,167p.
_ap.
_ccm.
700 _a Singh Ujjwal Kumar Gu.
_9546900
700 _aUniversity of Delhi. Faculty of Social Sciences. Department of Political Science
_9520505
942 _cDIS
_2CC
999 _c886118
_d886118